Find the Stray Dogs Quiz Stats

Quiz Updated Feb 16, 2016

Challenge
Share
Tweet
Embed
Score 0/40 Timer 06:00
0 Plays Today
% Correct
Lady
95.8%
Dalmatians
95.7%
Hound
94.7%
Snoopy
94.6%
Pluto
94.2%
Scooby-Doo
93.5%
Clifford
91.8%
Marley
90.7%
Blue
89.3%
Beethoven
89.2%
Hooch
88.5%
Gromit
88.4%
Ren
88.3%
Puppy
87.5%
Odie
86.8%
Toto
86.5%
Brian Griffin
85.2%
Chihuahua
84.6%
Astro
84%
Spot
84%
% Correct
Lassie
83.3%
Cujo
82.5%
Marmaduke
81.5%
Bulldog
75.3%
McGruff
74.9%
Bolt
72.7%
Fang
70.7%
Otis
70.4%
Einstein
69.7%
Husky
68.8%
Rin Tin Tin
68.1%
Spuds MacKenzie
67.4%
Skip
67.1%
Rowlf
66.4%
Wonder Dog
65.8%
Winn-Dixie
65.7%
Checkers
60.7%
Dug
60.4%
Underdog
60.2%
Millie
59.5%

You're not logged in!

Compare scores with friends on all Sporcle quizzes.
Sign Up with Email
OR
Log In

You Might Also Like...

Show Comments

Extras

Top Quizzes Today


Score Distribution

Your Account Isn't Verified!

In order to create a playlist on Sporcle, you need to verify the email address you used during registration. Go to your Sporcle Settings to finish the process.